| 000 | 00757nam a22002537a 4500 | ||
|---|---|---|---|
| 001 | 00610 | ||
| 003 | DO-SdBNP | ||
| 005 | 20240319123657.0 | ||
| 007 | 00610 | ||
| 008 | 160701b 2011mx | 00| 0 spa d | ||
| 020 | _a9786071110978 | ||
| 040 |
_aBPMSU _bspa _cBPMSU |
||
| 082 | 4 |
_a863.6 _bM778a 2011 _222 |
|
| 100 | 1 |
_aMontero, Rosa _d1951- |
|
| 245 | 1 | 3 |
_aEl amor de mi vida / _cRosa Montero |
| 260 | 0 |
_aMéxico, D.F. : _bSantillana ediciones generales, _c2011. |
|
| 300 |
_a269 p. ; _c24 cm. |
||
| 500 | _aIncluye datos biográficos de la autora en la solapa de la cubierta | ||
| 590 | _aInventariado, 2024/VM | ||
| 650 | 4 | _aNovela española | |
| 650 | 4 | _aLiteratura española | |
| 910 | _aBTAVÁREZ/ VMateo V. Control de calidad BPMSU | ||
| 942 |
_2ddc _cBK |
||
| 999 |
_c10647 _d10647 |
||